000 00238nam a2200097Ia 4500
008 240331s9999 xx 000 0 und d
082 _bVIN
100 _aDe Silva, T. ed
245 0 _aVinividha :
_bsthree sewa niyukthiye haraskada
942 _cL
999 _c1977
_d1977